000 00755nam a22002057a 4500
999 _c11402
_d11402
003 AR-CdUCM
008 190403b ||||| |||| 00| 0 spa d
040 _aMUNICIPALIDAD PROVINCIAL DEL CUSCO
_cBIBLIOTECA MUNICIPAL DEL CUSCO
082 _a838.609 /
_bH31 / 1886
100 _aHearn, Lafcadio
_928746
245 _aFantasmas de la china y el japón /
260 _aLima :
_bLa prensa,
_c1886.
300 _a149 páginas ;
_c21 cm.
505 _aContenido: El alma de la gran campana -- El origen de la planta del te -- Historia de alma clara y de beso delicioso -- La leyenda de la tejedora celeste ...
650 _aLiteratura española
_9362
650 _aLiteratura china
_97278
650 _aEnsayo
_9274
942 _2ddc
_cLIBROS
945 _awnts